| 000 | 00351nam a2200145Ia 4500 | ||
|---|---|---|---|
| 005 | 20251222152709.0 | ||
| 008 | 251222s9999||||xx |||||||||||||| ||spa|| | ||
| 020 | _a8489122164 | ||
| 082 | _a863.5/P43 | ||
| 100 | _aPereda, José María de | ||
| 245 | 0 | _aPachín González | |
| 250 | _a1ra.ed. | ||
| 264 | _bMainet Til, Editores, S.L. | ||
| 942 | _cLIB | ||
| 999 |
_c29144 _d29144 |
||